[Event "GER-chT U12 Girls"]
[Site "Magdeburg"]
[Date "2023.12.28"]
[Round "4.7"]
[White "Du, Melina"]
[Black "Weissleder, Emia"]
[Result "0-1"]
[WhiteElo "934"]
[BlackElo "1041"]
[PlyCount "54"]
[EventDate "2023.12.26"]
[EventType "team-swiss"]
[EventRounds "7"]
[EventCountry "GER"]
[SourceTitle "CB03_2024"]
[SourceDate "2024.01.17"]
[SourceVersion "1"]
[SourceVersionDate "2024.01.17"]
[SourceQuality "1"]
[WhiteTeam "Karlsruhe SF"]
[BlackTeam "Erfurt Empor"]
[WhiteTeamCountry "GER"]
[BlackTeamCountry "GER"]

1. e4 c5 2. Nf3 d6 3. Nc3 Nc6 4. d4 cxd4 5. Nxd4 Nf6 6. Bb5 Bd7 7. Nxc6 bxc6 8. Bc4 g6 9. 0-0 Bg7 10. Be3 0-0 11. Qd2 Ng4 12. Bd4 Qc7 13. Bxg7 Kxg7 14. Rfe1 d5 15. exd5 Qxh2+ 16. Kf1 Qh1+ 17. Ke2 Qh4 18. g3 Qf6 19. f3 Ne5 20. f4 Nxc4 21. Qc1 Bg4+ 22. Kf1 Qd4 23. dxc6 Bf3 24. Ne2 Nd2+ 25. Qxd2 Qxd2 26. Red1 Qxe2+ 27. Kg1 Qg2# 0-1

[Event "GER-ch U25-C"]
[Site "Willingen"]
[Date "2023.06.01"]
[Round "7"]
[White "Du, Melina"]
[Black "Gattermayer, Jan"]
[Result "1/2-1/2"]
[WhiteElo "931"]
[BlackElo "852"]
[PlyCount "42"]
[EventDate "2023.05.27"]
[EventType "swiss"]
[EventRounds "9"]
[EventCountry "GER"]
[SourceTitle "CBM 214 Extra"]
[Source "ChessBase"]
[SourceDate "2023.07.31"]
[SourceVersion "1"]
[SourceVersionDate "2023.07.31"]
[SourceQuality "1"]

1. e4 e5 2. Nf3 Nc6 3. Bc4 d6 4. 0-0 Qe7 5. d4 Qd7 6. dxe5 Nxe5 7. Nxe5 dxe5 8. Nc3 Nf6 9. Bb5 c6 10. Qxd7+ Bxd7 11. Bd3 0-0-0 12. Bg5 Be7 13. Bc4 Be8 14. Rad1 h6 15. Rxd8+ Bxd8 16. Bh4 g5 17. Bg3 Bc7 18. Rd1 h5 19. f3 b5 20. Be2 b4 21. Nb1 c5 1/2-1/2